All Cedar Point Coasters Past & Present - Statistics

General Stats
  • This quiz has been taken 25 times
  • The average score is 21 of 36
Answer Stats
Hint Answer % Correct
1964-Present Blue streak
100%
1969-Present Cedar Creek Mine ride
83%
1985-2012 Disaster transport
83%
2013-Present Gatekeeper
83%
1978-Present Gemini
83%
1987-Present Iron Dragon
83%
1989-Present Magnum XL-200
83%
1996-2014 Mantis
83%
2007-Present Maverick
83%
1991-2016 Mean Streak
83%
2000-Present Millennium Force
83%
1994-Present Raptor
83%
2015-Present Rougarou
83%
2018-Present Steel Vengeance
83%
2003-2021 Top Thrill Dragster
83%
2016-Present Valravn
83%
2002-2021 Wicked Twister
83%
1970-1978 Wildcat
83%
1979-2011 Wildcat
83%
1959-1963 Wild Mouse
83%
2023-Present Wild Mouse
83%
1999-Present Woodstock Express
83%
1976-Present Corkscrew
50%
1979-Present Wilderness run
50%
1892-1901 Switchback Railway
33%
1929-1951 Cyclone
17%
1908-1917 Dip the Dips
17%
1972-1978 Jumbo jet
17%
1912-1935 Leap the Dips
17%
1964-1964 Broadway Trip
0%
1908-1940 High Frolics
0%
1952-1952 Little dipper
0%
1910-1928 Racer
0%
1962-1969 Scamper
0%
1952-1967 Super Coaster
0%
1902-1909 Three-Way Figure Eight Roller Toboggan
0%
No matching quizzes found
Score Distribution
Percent of People with Each Score
Percentile by Number Answered
Your Score History
You have not taken this quiz